Cloud Computing o Computadoras en Nube

Aborda la Computación en la nube y virtualización se ha difundido en gran medida dentro de la tecnología informática. Varias instituciones han comenzado a implantarla con el fin de reducir los costos y utilización d equipos de cómputo.

Bibliographic Details
Main Author: Guerrero Castillo, Mario Arnulfo
Other Authors: Tutor: Flores Quintana, Gloria Thalía
Format: Tesis Section = Libro
Language:Undetermined
Spanish
Published: Managua UNI 2011
Subjects:
LEADER 01000nam a2200253Ia 4500
008 240830s9999 xx 000 0 und d
040 |a BIBLIOTECA-RUSB/ Mon 004.67 G929 
041 |a spa 
082 |a Mon 004.67 G929 
100 1 |a Guerrero Castillo, Mario Arnulfo 
245 1 0 |a Cloud Computing o Computadoras en Nube 
260 |a Managua  |b UNI  |c 2011 
300 |a 36 p. :il. 
502 |a Tesis (Ingeniero en Computación) - UNI, 2011. 
520 3 |a Aborda la Computación en la nube y virtualización se ha difundido en gran medida dentro de la tecnología informática. Varias instituciones han comenzado a implantarla con el fin de reducir los costos y utilización d equipos de cómputo. 
650 7 |a COMPUTACION EN LA NUBE 
650 7 |b  INTERNET 
650 7 |c  EMPRESAS-TECNOLOGIA DE LA INFORMACION 
650 7 |d  ARQUITECTURA DE COMPUTACION 
650 7 |e  SERVICIOS EN NUBES 
700 1 |a Tutor:  |b Flores Quintana, Gloria Thalía 
942 |c BK  |2 ddc 
991 |a TESIS 
999 |c 19649